000 00889nam a2200265Ia 4500
003 OSt
005 20220918170442.0
006 a|||||r|||| 00| 0
007 ta
008 220917b |||||||| |||| 00| 0 eng d
020 _a9780230296718 (hbk)
_c5635.80
024 _a285,657
037 _bCBS/394, 27/03/2015, Classic Book Service
_cTextual
040 _aARTS
_cARTS
_beng
041 _2eng
_aeng
082 _aR39(S:4), Q3
100 _aJacobson Anne Jaap
_929117
245 0 _aKeeing the world in mind
_b Mental representations and the sciences of the mind
260 _aNew York
_bPalgrave macmillan USA
_c2013
300 _ax,186p.
_ccm.
490 _aNew directions in philosophy and cognitive science
650 _aPHILOSOPHY
942 _hR39(S:4), Q3
_cTEXL
_2CC
999 _c134188
_d134188